Statistiques concernant Mots dans noms de pays

Cliquez ici pour prendre le quiz!

Statistiques générales

  • Ce quiz a été pris 506 fois
    (378 depuis la dernière actualisation)
  • Le résultat moyen est 11 sur 22

Statistiques - réponses

MotPays% Correct
vertCap-Vert
88%
nordCorée du Nord
83%
sudCorée du Sud
83%
finFinlande
80%
paysPays-Bas
75%
sudSoudan du Sud
71%
sudAfrique du Sud
65%
vieBolivie
61%
bonGabon
59%
nordMacédoine du Nord
49%
nezVenezuela
48%
ilBrésil
43%
elleNouvelle-Zélande
43%
vieMoldavie
39%
ellePapouasie-Nouvelle-
Guinée
32%
elleSeychelles
30%
vieViêt Nam
29%
ilChili
21%
vinSaint-Vincent-et-les-
Grenadines
19%
vinBosnie-Herzégovine
18%
ilThaïlande
17%
ilPhilippines
12%

Distribution des résultats

Percentile par nombre de réponses

% des personnes avec chaque résultat

Votre développement - résultats

Vous n’avez pas pris ce quiz depuis la dernière actualisation